Glaciology: Glacier and Avalanche Research / (Record no. 617180)
[ view plain ]
| 000 -LEADER | |
|---|---|
| fixed length control field | 00484nam a22001697a 4500 |
| 003 - CONTROL NUMBER IDENTIFIER | |
| control field | NUST |
| 005 - DATE AND TIME OF LATEST TRANSACTION | |
| control field | 20260417164437.0 |
| 008 - FIXED-LENGTH DATA ELEMENTS--GENERAL INFORMATION | |
| fixed length control field | 260417b ||||| |||| 00| 0 eng d |
| 020 ## - INTERNATIONAL STANDARD BOOK NUMBER | |
| International Standard Book Number | 978-969-8250-00-0 |
| 082 ## - DEWEY DECIMAL CLASSIFICATION NUMBER | |
| Classification number | 551.579989 |
| Author Mark | IQB |
| 100 ## - MAIN ENTRY--PERSONAL NAME | |
| Personal name | Muhammad Iqbal Khan. |
| 9 (RLIN) | 134207 |
| 245 ## - TITLE STATEMENT | |
| Title | Glaciology: Glacier and Avalanche Research / |
| Statement of responsibility, etc. | Muhammad Iqbal Khan. |
| 260 ## - PUBLICATION, DISTRIBUTION, ETC. | |
| Place of publication, distribution, etc. | Pakistan: |
| Name of publisher, distributor, etc. | Ocean Printers, |
| Date of publication, distribution, etc. | 1994. |
| 300 ## - PHYSICAL DESCRIPTION | |
| Extent | 276 p ; |
| Dimensions | 26.00 cm |
| 563 ## - BINDING INFORMATION | |
| Binding note | Paperback |
| 942 ## - ADDED ENTRY ELEMENTS (KOHA) | |
| Source of classification or shelving scheme | |
| Koha item type | Book |
| Withdrawn status | Lost status | Source of classification or shelving scheme | Damaged status | Not for loan | Permanent Location | Current Location | Date acquired | Total Checkouts | Full call number | Barcode | Date last seen | Price effective from | Koha item type |
|---|---|---|---|---|---|---|---|---|---|---|---|---|---|
| Institute of Geographical Information Systems (IGIS) | Institute of Geographical Information Systems (IGIS) | 04/17/2026 | 551.579989 IQB | IGIS-363 | 04/17/2026 | 04/17/2026 | Book |
